000 00497cam a22001577a 4500
008 180718b1995 xxu||||| |||| 00| 0 eng d
020 _a818593830X
082 _aT19x54 B63
100 _aBobo, Kim
245 _aOrganizing for social change: a manual for activists in the 1990s
_cby Kim Bobo, Jackie Kendall and Steve Max
260 _aNew Delhi
_bEast West Press
_c1995
300 _a271p.
650 _aDirect action - Handbook, manual etc
700 _aMax, Steve
700 _aKendall, Jackie
999 _c493182
_d493182